00329nam a2200109Ia 4500008004100000041000800041082001400049100006100063245003600124260004000160300001900200241028s9999 xx 000 0 und d aeng a658.4 CAM aCamm/ Cochran/ Fry/ Ohlmann/ Anderson/ Sweeney/ Williams aBusiness Analytics With Mindtap bCengage Learning IndiaaDehlic2019 a786;. P. 27 cm